000 00225nam a2200097Ia 4500
008 240331s9999 xx 000 0 und d
082 _bAPP
100 _aAppaswamy P.C
245 0 _aWinslow's English -Tamil dctionary
942 _cL
999 _c3253
_d3253